[Event "Campeonato Brasileiro Amador 2015"]
[Site "Esporte Clube Pinheiros, São "]
[Date "2015.05.02"]
[Round "5.19"]
[White "Rodrigo Da Silva, Edson"]
[Black "De Almeida, Guilherme Pereira"]
[Result "0-1"]
[WhiteElo "1963"]
[BlackElo "1815"]
[PlyCount "62"]
[EventDate "2015.04.30"]

1. d4 c5 2. d5 e5 3. e4 Nf6 4. Nc3 d6 5. f4 exf4 6. Bxf4 Be7 7. Nf3 O-O 8. Be2
Na6 9. e5 dxe5 10. Bxe5 Ng4 11. Bf4 Bd6 12. Qd2 Nb4 13. Bxd6 Qxd6 14. a3 Na6
15. h3 Qg3+ 16. Kd1 Nf2+ 17. Kc1 Nxh1 18. Ne4 Qxg2 19. b3 Ng3 20. Nxg3 Qxg3 21.
Kb2 Qd6 22. Rg1 c4 23. Qg5 g6 24. Bxc4 Nc5 25. Nd2 f5 26. b4 Ne4 27. Nxe4 fxe4
28. Ka2 b5 29. Bb3 a5 30. bxa5 Rxa5 31. Qc1 Bb7 0-1

[Event "Campeonato Brasileiro Amador 2015"]
[Site "Esporte Clube Pinheiros, São "]
[Date "2015.05.02"]
[Round "5.20"]
[White "Caris, Eduardo"]
[Black "Peixoto, Helio Ricardo Souti"]
[Result "0-1"]
[WhiteElo "1813"]
[BlackElo "1943"]
[PlyCount "103"]
[EventDate "2015.04.30"]

1. c4 Nf6 2. g3 g6 3. Bg2 Bg7 4. Nc3 O-O 5. d3 d6 6. Nf3 e5 7. O-O a5 8. Rb1
Bd7 9. a3 Nc6 10. b4 axb4 11. axb4 Qc8 12. Re1 Bh3 13. Bh1 Re8 14. b5 Nd4 15.
Bb2 Bg4 16. Nxd4 exd4 17. Ne4 Nd7 18. Qc2 h6 19. f3 Bf5 20. Ra1 Bxe4 21. fxe4
Nc5 22. Rxa8 Qxa8 23. Ra1 Qc8 24. Bg2 Be5 25. e3 Ne6 26. Bh3 dxe3 27. Qg2 Qd8
28. Bxe6 Rxe6 29. d4 Bg7 30. Re1 Qg5 31. Qf3 f5 32. exf5 Qxf5 33. Qxf5 gxf5 34.
Kg2 Re4 35. Kf3 Bxd4 36. Bxd4 Rxd4 37. Rxe3 Rxc4 38. b6 Kf7 39. Ra3 cxb6 40.
Rb3 Rc6 41. Kf4 Kf6 42. Rb5 Ke6 43. Rb2 d5 44. Re2+ Kf6 45. Rb2 d4 46. Rd2 Rd6
47. Rd3 b5 48. h4 h5 49. g4 fxg4 50. Rb3 d3 51. Rxd3 Rxd3 52. Ke4 0-1

[Event "Campeonato Brasileiro Amador 2015"]
[Site "Esporte Clube Pinheiros, São P"]
[Date "2015.05.02"]
[Round "5.21"]
[White "Gomez, Gustavo Pizzocaro"]
[Black "Dias, Matheus Nunes"]
[Result "1-0"]
[WhiteElo "2135"]
[BlackElo "1638"]
[PlyCount "53"]
[EventDate "2015.04.30"]

1. d4 Nf6 2. Nf3 g6 3. c4 Bg7 4. Nc3 O-O 5. g3 d6 6. Bg2 Nbd7 7. O-O e5 8. e4
b6 9. Re1 exd4 10. Nxd4 Bb7 11. Rb1 Ne5 12. b3 Nfd7 13. f4 Nc6 14. Nxc6 Bxc6
15. Nd5 Bb7 16. Bb2 Bxb2 17. Rxb2 c6 18. Ne3 Qe7 19. Rd2 a5 20. Rxd6 Nc5 21. e5
Rfd8 22. Ng4 Kg7 23. Qd2 h5 24. f5 Rxd6 25. exd6 Qd8 26. Qh6+ Kg8 27. Re8+ 1-0

[Event "Campeonato Brasileiro Amador 2015"]
[Site "Esporte Clube Pinheiros, São "]
[Date "2015.05.02"]
[Round "5.22"]
[White "Almeida Junior, Alvaro Alves D"]
[Black "Abrantes, Tiago Garrido"]
[Result "1-0"]
[WhiteElo "1906"]
[BlackElo "2173"]
[PlyCount "77"]
[EventDate "2015.04.30"]

1. e4 g6 2. d4 Bg7 3. f4 d6 4. Nf3 a6 5. Bd3 Nd7 6. c3 e6 7. Be3 c5 8. Nbd2 Qc7
9. Rc1 Ne7 10. O-O d5 11. e5 b5 12. a4 c4 13. Bc2 Bb7 14. g4 h5 15. h3 Nb6 16.
axb5 axb5 17. Ra1 Rb8 18. Ng5 Bc8 19. Kg2 Bd7 20. Qe2 Qc8 21. Qf2 Na4 22. Ra2
Ra8 23. Rfa1 Ra6 24. Nf1 Ng8 25. Qf3 hxg4 26. hxg4 Nh6 27. Ng3 Kd8 28. Rh1 Kc7
29. Rha1 Bf8 30. f5 gxf5 31. gxf5 exf5 32. Bf4 Kb7 33. Kf1 Qc6 34. Qd1 Be7 35.
Nf3 Ng4 36. Nxf5 Bf8 37. Ke2 Qc8 38. Ng3 Bh6 39. Qd2 1-0

[Event "Campeonato Brasileiro Amador 2015"]
[Site "Esporte Clube Pinheiros, São P"]
[Date "2015.05.02"]
[Round "5.23"]
[White "Schutt, Ricardo De Amorim"]
[Black "Vicentin, Marcos Tadeu"]
[Result "1-0"]
[WhiteElo "2111"]
[BlackElo "1909"]
[PlyCount "41"]
[EventDate "2015.04.30"]

1. e4 c5 2. Nf3 d6 3. d4 cxd4 4. Nxd4 Nf6 5. Nc3 a6 6. Bg5 e6 7. Qf3 Be7 8.
O-O-O Qc7 9. Qg3 Bd7 10. Be2 Nc6 11. f4 Rc8 12. Nxc6 Qxc6 13. Bd3 Qc5 14. e5 d5
15. exf6 gxf6 16. Bh4 Qa5 17. Qg7 Rf8 18. Bxf6 Bb4 19. a3 Bd6 20. f5 b5 21.
Nxd5 1-0

[Event "Campeonato Brasileiro Amador 2015"]
[Site "Esporte Clube Pinheiros, São P"]
[Date "2015.05.02"]
[Round "5.24"]
[White "Souza Dos Santos, Matheus Garcett"]
[Black "Felix, Raimundo Nascimento"]
[Result "1/2-1/2"]
[WhiteElo "2058"]
[BlackElo "1905"]
[PlyCount "86"]
[EventDate "2015.04.30"]

1. e4 c5 2. Nf3 g6 3. c4 Bg7 4. d4 Nc6 5. Nc3 Nxd4 6. Be3 Ne6 7. Be2 d6 8. O-O
Nf6 9. Ne1 O-O 10. Nc2 b6 11. f3 Bb7 12. Qd2 Qd7 13. Rfd1 Rad8 14. Rac1 Bc6 15.
b3 Qb7 16. Nd5 Rd7 17. b4 cxb4 18. Qxb4 Rc8 19. Nd4 Nxd4 20. Bxd4 Ne8 21. Bxg7
Nxg7 22. Ne3 Rcd8 23. Nd5 Bxd5 24. cxd5 Rc7 25. Ba6 Qb8 26. Rc6 Rxc6 27. dxc6
Qc7 28. Bb7 Ne6 29. Qa4 a5 30. Qb5 Nc5 31. Rb1 Nxb7 32. Qxb6 Qxb6+ 33. Rxb6 Rc8
34. cxb7 Rb8 35. Kf2 Kf8 36. Ke3 Ke8 37. Kd4 Kd7 38. Kc4 Kc7 39. Kb5 Rxb7 40.
Rxb7+ Kxb7 41. Kxa5 Kc6 42. Kb4 f5 43. a4 f4 1/2-1/2

[Event "Campeonato Brasileiro Amador 2015"]
[Site "Esporte Clube Pinheiros, São "]
[Date "2015.05.02"]
[Round "5.25"]
[White "Luz, Arthur Nader"]
[Black "Silva, Alexandre Freitas S"]
[Result "1-0"]
[WhiteElo "2057"]
[BlackElo "1903"]
[PlyCount "111"]
[EventDate "2015.04.30"]

1. d4 c6 2. c4 d5 3. Nc3 Nf6 4. Nf3 g6 5. cxd5 cxd5 6. Bf4 a6 7. e3 Bg7 8. Be2
Nc6 9. O-O O-O 10. a3 Nh5 11. Bg5 h6 12. Bh4 Be6 13. b4 Bg4 14. h3 Bxf3 15.
Bxf3 Nf6 16. Bxf6 Bxf6 17. Nxd5 Bg7 18. Rc1 e5 19. dxe5 Bxe5 20. Qb3 h5 21.
Rfd1 Qg5 22. Nb6 Rad8 23. Bxc6 bxc6 24. f4 Bxf4 25. exf4 Qxf4 26. Qf3 Qc7 27.
Na4 a5 28. Nc5 axb4 29. axb4 Qb6 30. Qc3 Rb8 31. Rb1 Rfd8 32. Rf1 Rb7 33. Kh1
Re7 34. Rb2 Rb8 35. Qd2 Rd8 36. Qf2 Rde8 37. Qf3 Qc7 38. Rbf2 f5 39. Qf4 Qxf4
40. Rxf4 Re1 41. Kg1 Kg7 42. Rxe1 Rxe1+ 43. Kf2 Rb1 44. h4 Kf6 45. Nd3 Ke6 46.
Rd4 Ke7 47. Rc4 Kd6 48. Nf4 Rb2+ 49. Kg1 Rb1+ 50. Kh2 Rb3 51. Nxg6 Kd5 52. Rc5+
Kd4 53. Rxf5 Rxb4 54. Rf4+ Kc3 55. Rxb4 Kxb4 56. Ne5 1-0

[Event "Campeonato Brasileiro Amador 2015"]
[Site "Esporte Clube Pinheiros, São "]
[Date "2015.05.02"]
[Round "5.26"]
[White "Tamarozi, Isabelle"]
[Black "Van Riemsdijk, Dirk D"]
[Result "0-1"]
[WhiteElo "1904"]
[BlackElo "2048"]
[PlyCount "98"]
[EventDate "2015.04.30"]

1. e4 c5 2. Nf3 Nc6 3. d4 cxd4 4. Nxd4 Nf6 5. Nc3 d6 6. Bg5 e6 7. Be2 Qa5 8.
Be3 Nxe4 9. O-O Nxc3 10. bxc3 Be7 11. Bd3 Bd7 12. Rb1 Qc7 13. Nb5 Qb8 14. Qg4
Bf6 15. Bg5 Ne5 16. Qh4 Bxg5 17. Qxg5 O-O 18. Rfe1 a6 19. Nd4 Nxd3 20. cxd3 Qc7
21. c4 Rae8 22. Re4 h6 23. Qh5 b5 24. Nf3 Bc6 25. Rh4 Bxf3 26. Qxf3 bxc4 27.
dxc4 Rb8 28. Rd1 Qe7 29. Qg3 Qf6 30. h3 Rb2 31. Rhd4 Rxa2 32. Rxd6 Ra1 33. c5
Rc8 34. Qe3 Rxd1+ 35. Rxd1 Qf5 36. Rc1 Qd5 37. Qa3 Rc6 38. Qb4 e5 39. Qb8+ Kh7
40. Qb4 f5 41. Qc3 h5 42. g3 e4 43. Qe3 h4 44. gxh4 Rg6+ 45. Kf1 f4 46. Qc3 e3
47. fxe3 Qg2+ 48. Ke1 f3 49. Qc2 Qh1+ 0-1

[Event "Campeonato Brasileiro Amador 2015"]
[Site "Esporte Clube Pinheiros, São P"]
[Date "2015.05.02"]
[Round "5.27"]
[White "Minelli, Fausto"]
[Black "Bonfim, Regina Rodrigues"]
[Result "1/2-1/2"]
[WhiteElo "1892"]
[BlackElo "2025"]
[PlyCount "102"]
[EventDate "2015.04.30"]

1. Nf3 d5 2. g3 Nf6 3. Bg2 e6 4. O-O Bd6 5. d4 O-O 6. b3 c6 7. Bb2 Nbd7 8. Nbd2
Qe7 9. c4 e5 10. dxe5 Nxe5 11. cxd5 cxd5 12. h3 Bd7 13. Nd4 Nc6 14. e3 Nxd4 15.
Bxd4 Bc6 16. Bxf6 Qxf6 17. Nf3 Bb5 18. Qxd5 Bxf1 19. Rxf1 Rab8 20. Nd4 Rfd8 21.
Qc4 a6 22. a4 Rbc8 23. Qe2 Rc7 24. Rb1 g6 25. b4 Re8 26. Qd3 Rec8 27. Ne2 Qe7
28. b5 a5 29. Rd1 Rd8 30. Nf4 Rcd7 31. Nd5 Qe6 32. e4 Be5 33. f4 Bg7 34. Kh2 h6
35. h4 f5 36. e5 Kh8 37. Qf3 Bf8 38. Nc7 Qb6 39. Rxd7 Rxd7 40. Nd5 Qe6 41. Nf6
Rc7 42. Qd3 Be7 43. Nd5 Rd7 44. Qc4 Rd8 45. Qc7 Qd7 46. Qxa5 Bc5 47. Qc3 b6 48.
e6+ Qg7 49. e7 Re8 50. Qd3 Rxe7 51. Nxe7 Qxe7 1/2-1/2

[Event "Campeonato Brasileiro Amador 2015"]
[Site "Esporte Clube Pinheiros, São P"]
[Date "2015.05.02"]
[Round "5.28"]
[White "Sbrissa Neto, David Antonio"]
[Black "Miquelin, Nicolas Seoane"]
[Result "0-1"]
[WhiteElo "1826"]
[BlackElo "2000"]
[PlyCount "66"]
[EventDate "2015.04.30"]

1. d4 Nf6 2. Nf3 e6 3. e3 b6 4. Bd3 Bb7 5. O-O c5 6. b3 cxd4 7. exd4 Be7 8. Bb2
O-O 9. Nbd2 Nc6 10. Qe2 Nb4 11. c4 Nxd3 12. Qxd3 d5 13. Ne5 Rc8 14. Qh3 Bb4 15.
Ndf3 Qe7 16. Rad1 Ne4 17. Nd3 dxc4 18. bxc4 Rxc4 19. Nfe5 Rc2 20. Rc1 Rfc8 21.
Rxc2 Rxc2 22. d5 Bxd5 23. Ng4 Bc3 24. Bc1 Rxa2 25. Nf4 Bd4 26. Nxd5 exd5 27.
Nh6+ gxh6 28. Qg4+ Bg7 29. Bxh6 Qf8 30. Rc1 f5 31. Qd1 Bxh6 32. Qxd5+ Qf7 33.
Rc8+ Bf8 0-1

[Event "Campeonato Brasileiro Amador 2015"]
[Site "Esporte Clube Pinheiros, São P"]
[Date "2015.05.02"]
[Round "5.29"]
[White "Tomic, Marco Di Pillo"]
[Black "Vescovi, Katherine Lemos"]
[Result "0-1"]
[WhiteElo "2000"]
[BlackElo "1865"]
[PlyCount "36"]
[EventDate "2015.04.30"]

1. d4 Nf6 2. c4 g6 3. Nc3 d5 4. Nf3 Bg7 5. Bf4 c5 6. e3 Qa5 7. Qb3 dxc4 8. Bxc4
O-O 9. O-O a6 10. dxc5 Nbd7 11. Bxf7+ Kh8 12. Bc4 Nxc5 13. Qc2 Bf5 14. Qc1 b5
15. Be2 b4 16. Nd1 Rac8 17. Qc4 Be6 18. Qd4 Rfd8 0-1

[Event "Campeonato Brasileiro Amador 2015"]
[Site "Esporte Clube Pinheiros, São P"]
[Date "2015.05.02"]
[Round "5.30"]
[White "Ribeiro, Allysson"]
[Black "Pimentel, Rafael Favarin G"]
[Result "1/2-1/2"]
[WhiteElo "1861"]
[BlackElo "1992"]
[PlyCount "72"]
[EventDate "2015.04.30"]

1. d4 Nf6 2. c4 g6 3. Nc3 Bg7 4. e4 d6 5. f4 O-O 6. Nf3 Na6 7. e5 Nh5 8. Be2
Bh6 9. Ng5 Bxg5 10. fxg5 dxe5 11. dxe5 Qxd1+ 12. Bxd1 Ng7 13. Bf3 c6 14. Be3
Rd8 15. O-O Nf5 16. Bf2 Be6 17. b3 Nb4 18. Rad1 Nd3 19. Ne2 Nxf2 20. Kxf2 Kf8
21. h3 a5 22. g4 Ng7 23. Nf4 Ke8 24. Ke3 a4 25. Rxd8+ Kxd8 26. Rd1+ Kc7 27. h4
axb3 28. axb3 Ra3 29. Rd3 Ra1 30. Bd1 Ra2 31. Kf3 Ra5 32. Re3 Ra1 33. Be2 Bd7
34. Kg2 Ra2 35. Kg3 Ne6 36. Nxe6+ Bxe6 1/2-1/2

[Event "Campeonato Brasileiro Amador 2015"]
[Site "Esporte Clube Pinheiros, São P"]
[Date "2015.05.02"]
[Round "5.31"]
[White "Sousa, Felipe Mazim De"]
[Black "Budde, Vinicius Chemale"]
[Result "1-0"]
[WhiteElo "1747"]
[BlackElo "1988"]
[PlyCount "71"]
[EventDate "2015.04.30"]

1. d4 d5 2. c4 c6 3. Nc3 Nf6 4. e3 g6 5. h3 Bg7 6. Nf3 O-O 7. Bd3 dxc4 8. Bxc4
b5 9. Bd3 b4 10. Na4 Nfd7 11. b3 a5 12. Bb2 c5 13. O-O cxd4 14. Nxd4 Ba6 15.
Bxa6 Rxa6 16. Qe2 Rd6 17. Nb5 Bxb2 18. Nxb2 Re6 19. Rac1 Nf6 20. Rfd1 Nbd7 21.
Nd4 Rb6 22. Nc4 Ra6 23. Ne5 Rd6 24. Nec6 Qe8 25. Nxa5 Kh8 26. Nac6 e5 27. Nf3
Rxd1+ 28. Rxd1 Qe6 29. Nxb4 Rb8 30. Ng5 Qb6 31. Nd5 Nxd5 32. Rxd5 Nf6 33. Rxe5
Qc7 34. Qb2 Rd8 35. g3 Kg8 36. Ne4 1-0

[Event "Campeonato Brasileiro Amador 2015"]
[Site "Esporte Clube Pinheiros, São P"]
[Date "2015.05.02"]
[Round "5.32"]
[White "Venelli, Luiz Gonzaga"]
[Black "Lima, Eduardo Augusto Fabr"]
[Result "0-1"]
[WhiteElo "1806"]
[BlackElo "1975"]
[PlyCount "56"]
[EventDate "2015.04.30"]

1. f4 d5 2. Nf3 g6 3. e3 Bg7 4. Nc3 Nf6 5. Bb5+ c6 6. Be2 O-O 7. O-O Nbd7 8. d4
Ne4 9. Qe1 Ndf6 10. Ne5 Nxc3 11. Qxc3 Ne4 12. Qd3 f6 13. Nf3 Nd6 14. Qb3 Be6
15. Nd2 Qd7 16. c4 dxc4 17. Qc2 b5 18. Bf3 f5 19. b3 Rac8 20. Ba3 Rfd8 21. Bxd6
Qxd6 22. bxc4 Bxd4 23. Rae1 Bb6 24. Re2 Qd3 25. Qxd3 Rxd3 26. Rfe1 Ba5 27. Rd1
bxc4 28. Rf2 Rcd8 0-1

[Event "Campeonato Brasileiro Amador 2015"]
[Site "Esporte Clube Pinheiros, São P"]
[Date "2015.05.02"]
[Round "5.33"]
[White "Silva, Janderson Rossi Da"]
[Black "Benitez, Ed Carlos Leite Luqu"]
[Result "1/2-1/2"]
[WhiteElo "1810"]
[BlackElo "1974"]
[PlyCount "69"]
[EventDate "2015.04.30"]

1. b4 e6 2. Bb2 Nf6 3. b5 d5 4. e3 c5 5. Nf3 Nbd7 6. c4 Bd6 7. cxd5 exd5 8. Be2
O-O 9. O-O Qe7 10. d4 c4 11. a4 a5 12. Ba3 Bxa3 13. Rxa3 Ne4 14. Qc1 Nb6 15.
Nc3 Nd6 16. Bd1 Bf5 17. Nd2 Bd3 18. Re1 Rfe8 19. Ra2 Qe6 20. Bc2 Rac8 21. Qb1
Qf5 22. Bxd3 cxd3 23. Rc1 Ne4 24. Ncxe4 dxe4 25. Ra3 h5 26. Qa1 Qg4 27. Rac3
Rxc3 28. Rxc3 Qe2 29. Qc1 Nxa4 30. Rc8 Rxc8 31. Qxc8+ Kh7 32. Qf5+ Kh6 33. Qf4+
Kh7 34. Qf5+ Kg8 35. Qc8+ 1/2-1/2

[Event "Campeonato Brasileiro Amador 2015"]
[Site "Esporte Clube Pinheiros, São "]
[Date "2015.05.02"]
[Round "5.34"]
[White "Batista, Francisco Klemberg "]
[Black "Leon Lopes, Sergio Amadeus"]
[Result "0-1"]
[WhiteElo "1748"]
[BlackElo "1967"]
[PlyCount "108"]
[EventDate "2015.04.30"]

1. e4 e5 2. Nf3 Nc6 3. Bb5 a6 4. Ba4 Nf6 5. O-O Be7 6. Re1 b5 7. Bb3 d6 8. c3
Na5 9. Bc2 c5 10. d4 Qc7 11. Nbd2 O-O 12. Nf1 h6 13. h3 Re8 14. b3 Bf8 15. Bb2
c4 16. b4 Nc6 17. d5 Ne7 18. a4 Bd7 19. axb5 axb5 20. Nxe5 dxe5 21. d6 Qb7 22.
dxe7 Bxe7 23. Qf3 Nh7 24. Ng3 g6 25. Ra5 Rxa5 26. bxa5 Ra8 27. Ra1 Bc5 28. h4
Kg7 29. Nh5+ gxh5 30. Qg3+ Kf6 31. Bc1 Bg4 32. Kh1 Qa7 33. Bxh6 Kg6 34. f3 Kxh6
35. fxg4 Qe7 36. gxh5 Rg8 37. Qh3 Qf6 38. a6 Ba7 39. g4 Qf4 40. g5+ Nxg5 41.
hxg5+ Rxg5 42. Rf1 Bf2 43. a7 Rxh5 44. Qxh5+ Kxh5 45. Bd1+ Kg6 46. Rxf2 Qxf2
47. a8=Q Qf1+ 48. Kh2 Qxd1 49. Qc6+ Kg5 50. Qxb5 Qe2+ 51. Kg1 Qe3+ 52. Kf1 Qxe4
53. Qb4 Kf4 54. Qb2 Qh1+ 0-1

[Event "Campeonato Brasileiro Amador 2015"]
[Site "Esporte Clube Pinheiros, São P"]
[Date "2015.05.02"]
[Round "5.36"]
[White "Frois, Vitor Amorim"]
[Black "Cordioli, Jairo Ribeiro"]
[Result "1-0"]
[WhiteElo "1735"]
[BlackElo "1945"]
[PlyCount "43"]
[EventDate "2015.04.30"]

1. e4 c5 2. Nf3 d6 3. d4 cxd4 4. Nxd4 Nf6 5. Nc3 a6 6. f3 e5 7. Nb3 Be6 8. Be3
Nbd7 9. Qd2 Be7 10. O-O-O O-O 11. g4 Rc8 12. h4 Nb6 13. h5 Nc4 14. Bxc4 Bxc4
15. g5 Nd7 16. g6 fxg6 17. hxg6 h6 18. Kb1 Rf6 19. Rdg1 Qe8 20. Nd5 Bxd5 21.
Qxd5+ Kh8 22. Bxh6 1-0

[Event "Campeonato Brasileiro Amador 2015"]
[Site "Esporte Clube Pinheiros, São P"]
[Date "2015.05.02"]
[Round "5.37"]
[White "Nikolic, Jovane"]
[Black "Roverso, Leandro"]
[Result "0-1"]
[WhiteElo "1728"]
[BlackElo "1945"]
[PlyCount "56"]
[EventDate "2015.04.30"]

1. e4 c5 2. c3 Nf6 3. d3 d6 4. f4 Nc6 5. Nf3 e5 6. Be2 Be7 7. O-O O-O 8. a4 Bg4
9. Be3 Bd7 10. Nbd2 Ng4 11. Nc4 Nxe3 12. Nxe3 exf4 13. Nd5 Ne5 14. Nxf4 Bc6 15.
d4 cxd4 16. cxd4 Ng4 17. Qd3 Qb6 18. Nd2 Nf6 19. Nc4 Qb4 20. b3 Bxe4 21. Qe3 d5
22. Nd2 Rac8 23. Nxe4 dxe4 24. Bc4 Rfd8 25. Nh5 Rxc4 26. Nxf6+ Bxf6 27. Rxf6
Rc3 28. Qg5 Rxd4 0-1

[Event "Campeonato Brasileiro Amador 2015"]
[Site "Esporte Clube Pinheiros, São "]
[Date "2015.05.02"]
[Round "5.39"]
[White "Das Chagas, David Ferreira"]
[Black "Nicolini, Paulo Giovanni De A"]
[Result "1-0"]
[WhiteElo "1940"]
[BlackElo "1853"]
[PlyCount "109"]
[EventDate "2015.04.30"]

1. d4 Nf6 2. c4 g6 3. Nf3 Bg7 4. g3 O-O 5. Bg2 c6 6. Nc3 d6 7. O-O Qa5 8. a3
Qh5 9. h4 h6 10. Re1 Be6 11. Qd3 d5 12. cxd5 Nxd5 13. Ne4 Na6 14. Nh2 Nb6 15.
Bf3 Qa5 16. Nc3 Nc4 17. Bg2 Rad8 18. e3 Ne5 19. Qc2 Nc4 20. b3 Nd6 21. Bd2 Qb6
22. b4 Bf5 23. Qc1 e5 24. dxe5 Bxe5 25. e4 Be6 26. Bxh6 Bxg3 27. Be3 Bxh2+ 28.
Kxh2 Qc7 29. Bf4 Qe7 30. Rh1 f6 31. Kg1 Rf7 32. Bg3 Rh7 33. Qf4 Nc4 34. Re1 Ne5
35. Bf1 Bg4 36. Be2 Bxe2 37. Rxe2 Rd3 38. Re3 Rd2 39. Kg2 Nc7 40. Ree1 Rc2 41.
Qe3 Ne6 42. Ne2 Ng4 43. Qd3 Rb2 44. Qc3 Rxe2 45. Rxe2 Kg7 46. f3 Nh6 47. Rd1
Nf7 48. Red2 g5 49. Rd7 Qe8 50. hxg5 Nexg5 51. e5 Qe6 52. exf6+ Kg8 53. Qd3 Ne5
54. Bxe5 Qxe5 55. Qg6+ 1-0

[Event "Campeonato Brasileiro Amador 2015"]
[Site "Esporte Clube Pinheiros, São "]
[Date "2015.05.02"]
[Round "5.40"]
[White "Sa, Antonio Villar Marq"]
[Black "Vieira, Alexandre Letizio"]
[Result "0-1"]
[WhiteElo "1938"]
[BlackElo "1832"]
[PlyCount "98"]
[EventDate "2015.04.30"]

1. e4 c5 2. Nf3 g6 3. d4 cxd4 4. Qxd4 Nf6 5. e5 Nc6 6. Qc3 Ng8 7. e6 f6 8.
exd7+ Bxd7 9. a3 Rc8 10. Bd2 Bg7 11. Qb3 Qc7 12. Bb5 Nh6 13. O-O Nf7 14. Re1 e5
15. Nc3 O-O 16. Rad1 Bg4 17. Nd5 Qd6 18. c4 Bxf3 19. Qxf3 Nd4 20. Qd3 Nc6 21.
Bxc6 bxc6 22. Bb4 c5 23. Bc3 Rfe8 24. b4 cxb4 25. axb4 Qc6 26. c5 a5 27. bxa5
Qxc5 28. Bb4 Qa7 29. Qa3 Rc2 30. Rd2 Rxd2 31. Bxd2 Qd4 32. Nc7 Qxd2 33. Rb1 Rd8
34. h3 Bf8 35. Qa4 Bc5 36. a6 Bxf2+ 37. Kh1 Qd7 38. Qa2 Bg3 39. Qc2 e4 40. Nb5
Qd3 41. Qxd3 exd3 42. Rd1 Bf2 43. a7 Bxa7 44. Nxa7 Ne5 45. Nb5 Kf7 46. Kg1 h5
47. Kf2 g5 48. Ke3 f5 49. Nd4 Nc4+ 0-1

[Event "Campeonato Brasileiro Amador 2015"]
[Site "Esporte Clube Pinheiros, São P"]
[Date "2015.05.02"]
[Round "5.41"]
[White "Souza, Gustavo Horokoski De"]
[Black "Dias, Marcelo De Souza"]
[Result "0-1"]
[WhiteElo "1928"]
[BlackElo "1816"]
[PlyCount "150"]
[EventDate "2015.04.30"]

1. d4 g6 2. c4 Bg7 3. Nc3 c5 4. Nf3 cxd4 5. Nxd4 Nc6 6. e3 Nf6 7. Be2 O-O 8.
O-O d6 9. a3 a5 10. Qc2 Nxd4 11. exd4 e5 12. h3 Bf5 13. Bd3 exd4 14. Nb5 Bxd3
15. Qxd3 d5 16. Qxd4 Rc8 17. cxd5 Nxd5 18. Qa4 Qb6 19. Rd1 Rc5 20. Nd4 Rfc8 21.
Nb3 Rb5 22. Nd4 Rbc5 23. Nb3 Rc2 24. Nd2 Bxb2 25. Bxb2 Rxb2 26. Rab1 Nc3 27.
Rxb2 Qxb2 28. Qd7 Nxd1 29. Qxc8+ Kg7 30. Qd8 Qf6 31. Qxf6+ Kxf6 32. Kf1 Nc3 33.
Ke1 b5 34. Nb3 a4 35. Nd4 Ke5 36. Nc2 Kd5 37. f3 Kc4 38. Kd2 Kb3 39. Kd3 Nb1
40. Nd4+ Kxa3 41. Kc2 Ka2 42. Nxb5 f5 43. g4 fxg4 44. fxg4 g5 45. Nd4 Na3+ 46.
Kc1 Nc4 47. Nf3 h6 48. h4 gxh4 49. Nxh4 Ne3 50. Nf5 Nxg4 51. Kc2 h5 52. Kc3 Ne5
53. Kd4 Nf3+ 54. Ke3 Ne5 55. Nd4 a3 56. Nc2 Kb2 57. Nxa3 Kxa3 58. Kf4 Ng6+ 59.
Kg5 h4 60. Kg4 Kb3 61. Kh3 Kc3 62. Kh2 Kd3 63. Kh3 Ke3 64. Kh2 Kf3 65. Kh3 Kf4
66. Kh2 Kg4 67. Kg2 Ne7 68. Kh2 Nf5 69. Kg2 Nd4 70. Kh2 Nf5 71. Kg2 h3+ 72. Kh2
Nh4 73. Kh1 Kg3 74. Kg1 Nf3+ 75. Kh1 Ng5 0-1

[Event "Campeonato Brasileiro Amador 2015"]
[Site "Esporte Clube Pinheiros, São P"]
[Date "2015.05.02"]
[Round "5.43"]
[White "Penha, Evelyn Maximiano"]
[Black "Ueti, Silvio Shigueo"]
[Result "0-1"]
[WhiteElo "1652"]
[BlackElo "2075"]
[PlyCount "66"]
[EventDate "2015.04.30"]

1. e4 c5 2. Nf3 e6 3. d4 cxd4 4. Nxd4 a6 5. Nc3 Qc7 6. Be3 Bb4 7. Bd2 Nf6 8. f3
O-O 9. Qe2 Nc6 10. Nb3 d5 11. exd5 exd5 12. O-O-O Be6 13. a3 d4 14. Ne4 Bxd2+
15. Nbxd2 Rac8 16. Nc5 d3 17. Qf2 Ne5 18. Nde4 Nxe4 19. Nxe4 Qxc2+ 20. Qxc2
Rxc2+ 21. Kb1 Rfc8 22. Bxd3 Nxd3 23. Rxd3 Rxg2 24. Rd2 Rxd2 25. Nxd2 Bf5+ 26.
Ne4 Re8 27. Rc1 g5 28. Rc7 Kg7 29. Rxb7 Rxe4 30. Rxf7+ Kxf7 31. fxe4 Bxe4+ 32.
Kc1 Ke6 33. Kd2 Kf5 0-1

[Event "Campeonato Brasileiro Amador 2015"]
[Site "Esporte Clube Pinheiros, São P"]
[Date "2015.05.02"]
[Round "5.45"]
[White "Ikeda, Vinicius Yasuto"]
[Black "Alves Da Silva, Jadson Paulino"]
[Result "1-0"]
[WhiteElo "1944"]
[BlackElo "1742"]
[PlyCount "91"]
[EventDate "2015.04.30"]

1. d4 Nf6 2. c4 e6 3. Nc3 d5 4. e3 Be7 5. Nf3 Nbd7 6. Be2 c6 7. O-O O-O 8. Qc2
Re8 9. Rd1 Qc7 10. b3 Bf8 11. Bb2 g6 12. Rac1 Bg7 13. Qb1 a6 14. Ne5 Qd8 15. f4
Nf8 16. Bf3 N6d7 17. e4 Nb6 18. Qd3 h5 19. Be2 Nfd7 20. Rf1 Nf6 21. Rcd1 Nxe4
22. Nxe4 dxe4 23. Qxe4 Qe7 24. Qe3 Nd7 25. h3 Nf6 26. Kh2 Bd7 27. Bf3 Rac8 28.
Rd2 Rc7 29. Rfd1 Bc8 30. Bc3 Nd7 31. Nd3 c5 32. Ne5 Nxe5 33. fxe5 cxd4 34. Bxd4
Qb4 35. Bb6 Bh6 36. Qf2 Bxd2 37. Bxc7 Bg5 38. Bd6 Qa5 39. Qg3 Bh6 40. Bxh5 Kh7
41. Qf2 Kg7 42. Rf1 Re7 43. Bxe7 Qxe5+ 44. Kh1 Qf4 45. Qxf4 Bxf4 46. Bf3 1-0

[Event "Campeonato Brasileiro Amador 2015"]
[Site "Esporte Clube Pinheiros, São P"]
[Date "2015.05.02"]
[Round "5.46"]
[White "Silva, Igor Dos Santos"]
[Black "Arduini, Leonardo Adolfo"]
[Result "1-0"]
[WhiteElo "1912"]
[BlackElo "1716"]
[PlyCount "72"]
[EventDate "2015.04.30"]

1. b3 Nf6 2. Bb2 d6 3. e3 e5 4. Nf3 Nbd7 5. c4 Be7 6. d4 O-O 7. dxe5 dxe5 8.
Nxe5 Nxe5 9. Qxd8 Rxd8 10. Bxe5 Bb4+ 11. Bc3 Bxc3+ 12. Nxc3 Bf5 13. Be2 Ne4 14.
Nxe4 Bxe4 15. Bf3 Bxf3 16. gxf3 Rd7 17. Ke2 Rad8 18. Rad1 Kf8 19. Rxd7 Rxd7 20.
Rd1 Re7 21. Rd8+ Re8 22. Rxe8+ Kxe8 23. Kd3 Ke7 24. Kd4 Kd6 25. b4 b6 26. c5+
Kc6 27. Kc4 bxc5 28. bxc5 a5 29. e4 a4 30. f4 Kd7 31. a3 h5 32. Kb5 Ke6 33. Kc6
f5 34. f3 Kf6 35. Kxc7 g5 36. e5+ Ke6 1-0

[Event "Campeonato Brasileiro Amador 2015"]
[Site "Esporte Clube Pinheiros, São P"]
[Date "2015.05.02"]
[Round "5.47"]
[White "Pereira, Jorge Luiz Rodrigues"]
[Black "Fernandes, Jose Francisco"]
[Result "1-0"]
[WhiteElo "1875"]
[BlackElo "1694"]
[PlyCount "69"]
[EventDate "2015.04.30"]

1. d4 Nf6 2. c4 b6 3. d5 Bb7 4. Nc3 e6 5. e4 Bb4 6. Bd3 O-O 7. e5 Ne8 8. Nf3
Be7 9. O-O d6 10. Qc2 g6 11. Be4 Nd7 12. dxe6 Bxe4 13. exf7+ Kxf7 14. Qxe4 Nxe5
15. Bh6 Rh8 16. Qd5+ Kf6 17. Bg5+ Kg7 18. Bxe7 Nxf3+ 19. Qxf3 Qc8 20. Rfe1 c6
21. Bf6+ Nxf6 22. Re7+ Kh6 23. Qxf6 Qg4 24. Re4 Rhf8 25. Qxf8+ Rxf8 26. Rxg4
Kg7 27. g3 h5 28. Rd4 d5 29. cxd5 cxd5 30. Rxd5 a5 31. Rad1 Re8 32. h4 Kf6 33.
Rd6+ Kf5 34. R1d5+ Kg4 35. Kg2 1-0

[Event "Campeonato Brasileiro Amador 2015"]
[Site "Esporte Clube Pinheiros, São P"]
[Date "2015.05.02"]
[Round "5.48"]
[White "Auriemo, Danielle Ferreira"]
[Black "Guerra, Filipe Tella"]
[Result "0-1"]
[WhiteElo "1643"]
[BlackElo "1870"]
[PlyCount "76"]
[EventDate "2015.04.30"]

1. e4 c5 2. Nf3 Nc6 3. c3 d5 4. exd5 Qxd5 5. Be2 Nf6 6. d3 e5 7. Be3 Bf5 8. c4
Qd7 9. Nc3 Rd8 10. Qb3 Be7 11. Rd1 O-O 12. Ne4 b6 13. Ng3 Bg6 14. Nh4 Nd4 15.
Bxd4 exd4 16. Nxg6 hxg6 17. O-O Rfe8 18. Rfe1 Bd6 19. Bf3 Bxg3 20. hxg3 g5 21.
Be4 Nxe4 22. Rxe4 Rxe4 23. dxe4 Qe6 24. Qd3 g6 25. f3 Kg7 26. Kf2 Rh8 27. b4
Qd6 28. bxc5 bxc5 29. Rb1 Rb8 30. Rxb8 Qxb8 31. Qb3 Qxb3 32. axb3 Kf6 33. Ke2
Ke5 34. Kd3 a5 35. Kd2 f6 36. Kd3 f5 37. g4 fxg4 38. Ke2 gxf3+ 0-1